000 00716nam a2200229 a 4500
999 _c3846
_d3846
001 3846
003 BD-JhCC
005 20180304173020.0
008 171119s1974 bg |||| ||a| 000 0 ben d
035 _a(BD-JhCC)3846
040 _aBD-JhCC
_dBD-JhCC
041 _aben
082 _a891.4415
_bSON 1974
100 _aবাংলা সনেট
245 _aবাংলা সনেট /
_cআবদুল কাদির সম্পাদিত
260 _aঢাকা :
_bমুক্তধারা প্রকাশন,
_c1974
300 _a100 p. :
_c21 cm.
650 _aBengali Sonnets
700 _aকাদির, আবদুল সম্পাদিত
942 _2ddc
_cBK